La Vita Nova : La vie comme texte, l'écriture comme vie (notice n° 2146809)
[ vue normale ]
| 000 -LEADER | |
|---|---|
| fixed length control field | 01280cam a2200145 4500500 |
| 005 - DATE AND TIME OF LATEST TRANSACTION | |
| control field | 20260405025535.0 |
| 041 ## - LANGUAGE CODE | |
| Language code of text/sound track or separate title | fre |
| 042 ## - AUTHENTICATION CODE | |
| Authentication code | dc |
| 100 10 - MAIN ENTRY--PERSONAL NAME | |
| Personal name | Gil, Marie |
| Relator term | author |
| 245 00 - TITLE STATEMENT | |
| Title | La Vita Nova : La vie comme texte, l'écriture comme vie |
| 260 ## - PUBLICATION, DISTRIBUTION, ETC. | |
| Name of publisher, distributor, etc. | Hermann,<br/> |
| Date of publication, distribution, etc. | 2016.<br/> |
| 520 ## - SUMMARY, ETC. | |
| Summary, etc. | Certains écrivains et penseurs ont ressenti le besoin, à un moment de leur vie et de leur création, de proférer une « renaissance » personnelle, encore appelée Vita nova. La Vita nova permet de saisir une forme essentielle du lien qui unit la vie et l'écriture, car ces nouvelles vies sont toujours des naissances de nouvelles écritures, qui refondent en profondeur le genre dans lequel elles s'inscrivent. Réciproquement, la Vita nova nous révèle qu'on ne peut parler d'une vie qui ne serait pas une écriture. Paradoxalement, l'acte de profération de la vie nouvelle est un acte répétitif, lui-même recommencement éternel de l'acte de « revivre » d'où son lien, notamment chez Barthes, à la mort qui le conditionne. Il fonde le lieu et le temps de la création comme toujours reportés, comme « ailleurs ». |
| 700 10 - ADDED ENTRY--PERSONAL NAME | |
| Personal name | Worms, Frédéric |
| Relator term | author |
| 856 41 - ELECTRONIC LOCATION AND ACCESS | |
| Uniform Resource Identifier | <a href="https://shs.cairn.info/la-vita-nova--9782705692056?lang=fr&redirect-ssocas=7080">https://shs.cairn.info/la-vita-nova--9782705692056?lang=fr&redirect-ssocas=7080</a> |
Pas d'exemplaire disponible.




Réseaux sociaux